| 000 | 00491nmm a2200169Ia 4500 | ||
|---|---|---|---|
| 008 | 251105s9999||||xx |||||||||||||||||und|| | ||
| 020 | _a8497420365 | ||
| 041 | _aspa | ||
| 100 | _aJ.G. Fichte | ||
| 245 | 0 | _aEnsayo de una crítica de toda revelación | |
| 264 |
_a[Madrid, España] : _bBiblioteca Nueva, _c2002 |
||
| 300 | _a208 páginas | ||
| 490 | _aClásicos del pensamiento | ||
| 650 | _aPhilosophy, Ethics | ||
| 856 | _uhttps://public.digitaliapublishing.com/a/4885 | ||
| 942 | _cCF | ||
| 999 |
_c74043 _d74043 |
||